| 000 | 00838nam a2200253 a 4500 | ||
|---|---|---|---|
| 001 | 2592 | ||
| 003 | CDMR | ||
| 005 | 20151026104202.0 | ||
| 008 | 130130s2010||||sp |||||||||||||||||cat|d | ||
| 020 | _a9788497889223 | ||
| 040 |
_aCDMR _bcat _cCPC GIRONA |
||
| 100 | 1 |
_aFerré Pavia, Carme _91263 |
|
| 245 | 1 | 0 |
_aLlibre d'estil _b: Agència Catalana de Notícies _cCarme Ferré Pavia i Anna Nogué Regàs |
| 260 |
_bEditorial UOC _aBarcelona |
||
| 260 |
_c2010 _bEl Ciervo 96 |
||
| 300 | _a236 p. | ||
| 490 |
_aComunicació _v163 |
||
| 500 | _aA la portada: Incom UAB, Institut de la Comunicació, Universitat Autònoma de Barcelona | ||
| 650 | 0 | 4 |
_93086 _aPeriodisme _xManuals d'estil |
| 650 | 0 | 4 |
_91890 _aAgències de notícies |
| 700 | 1 |
_93183 _aNogué Regàs, Anna |
|
| 710 | 2 |
_93028 _aAgència Catalana de Notícies |
|
| 942 |
_cMON _2udc |
||
| 999 |
_c2592 _d2592 |
||